00501 2200193 4500001002100000005001500021035002000036007000300056008004100059020001800100082001100118084001700129100001800146245004200164250001000206260003800216300004400254650000900298INLIS00000000000026320231128104831 a0010-1123000046ta231128 g 0 ind  a979-489-374-9 a633.18 a633.18 MUH p0 aMuhammad Noor1 aPadi Lahanh Marjinal /cMuhammad Noor aEd. 1 aJakarta :bPenebar Swadaya,c1996 axix, 213 hlm, :bilus, ;c14 cm x 21 cm 4aPadi